书目信息 |
| 题名: |
矢量解释法
|
|
| 作者: | 傅良魁 著 | |
| 分册: | ||
| 出版信息: | 北京 地质出版社 1980 |
|
| 页数: | 300页 | |
| 开本: | 19cm | |
| 丛书名: | ||
| 单 册: | ||
| 中图分类: | P631.2 | |
| 科图分类: | ||
| 主题词: | 矢量-磁法勘探--解释 , 磁法勘探-矢量--解释 | |
| 电子资源: | ||
| ISBN: | ||
| 000 | 00653nam0 2200253 45 | |
| 001 | 0180005609 | |
| 005 | 20040524082312.7 | |
| 010 | @dCNY4.60 | |
| 091 | @a15038.新54 | |
| 100 | @a19950701d1980 emky0chiy0121 ea | |
| 101 | 0 | @achi |
| 102 | @aCN@b110000 | |
| 105 | @ay z 000yy | |
| 106 | @ar | |
| 200 | 10 | @a矢量解释法@Ashi liang jie shi fa@f傅良魁著 |
| 210 | @a北京@c地质出版社@d1980 | |
| 215 | @a300页@d19cm | |
| 606 | @a矢量-磁法勘探@x解释 | |
| 606 | @a磁法勘探-矢量@x解释 | |
| 690 | @aP631.2@v3 | |
| 701 | 0 | @a傅良魁@Afu liang kui@4著 |
| 801 | 0 | @aCN@b上海图书馆@c20040524 |
| 801 | 2 | @aCN@bNLC@c20040524 |
| 905 | @f1@b74279@dP631.2@e3 | |
| 矢量解释法/傅良魁著.-北京:地质出版社,1980 |
| 300页;19cm |
| ISBN :CNY4.60 |
| ● |
| 相关链接 |
|
|
|
|
正题名:矢量解释法
索取号:P631.2/3
 
预约/预借
| 序号 | 登录号 | 条形码 | 馆藏地/架位号 | 状态 | 备注 |
| 1 | 0074279 | 000072548 | 第三借阅区/ [索取号:P631.2/3] | 在馆 | |
| 2 | 0074280 | 000072539 | 第二样本阅览室/ [索取号:P631.2/3] | 在馆 |